Labour and cost reductions in natural rubber production through low frequency tapping systems (Record no. 50643)

MARC details
000 -LEADER
fixed length control field 00471nam a2200121Ia 4500
100 ## - MAIN ENTRY--AUTHOR NAME
Personal name Vijayakumar K R
245 #0 - TITLE STATEMENT
Title Labour and cost reductions in natural rubber production through low frequency tapping systems
260 ## - PUBLICATION, DISTRIBUTION, ETC. (IMPRINT)
Name of publisher IRRDB Workshop on Latex Harvesting Technologies, 5-8 May 2008, Academy Hevea Malaysia, Malaysian Rubber Board, Sungai Buloh, Selangor.
650 ## - SUBJECT ADDED ENTRY--TOPICAL TERM
Topical Term Cost reduction
650 ## - SUBJECT ADDED ENTRY--TOPICAL TERM
Topical Term LFT
942 ## - ADDED ENTRY ELEMENTS (KOHA)
Koha item type Bibliography STAF
Holdings
Withdrawn status Lost status Damaged status Not for loan Home library Current library Shelving location Date acquired Koha item type
      Bibliography RRII Library RRII Library Physiology 20/06/2008 Bibliography STAF